[Event "IECG CP.2000.P.00056"]
[Site "IECG email"]
[Date "2000.10.01"]
[Round "?"]
[White "Caffaratti, Paolo"]
[Black "Woodfin, David"]
[Result "1-0"]
[WhiteElo "1001"]
[BlackElo "800"]
[PlyCount "65"]
[EventDate "2000.10.01"]
[EventType "tourn (corr)"]
[EventRounds "6"]
[EventCountry "RUS"]
[SourceTitle "Corr 2008"]
[Source "ChessBase"]
[SourceDate "2008.06.24"]
[SourceVersion "1"]
[SourceVersionDate "2008.06.24"]
[SourceQuality "1"]

1. e4 e5 2. f4 Nc6 3. Nf3 exf4 4. Bc4 Bc5 5. d4 Bb6 6. Bxf4 Nf6 7. Bg5 h6 8. Bh4 g5 9. Bg3 Nxe4 10. Qe2 Qe7 11. c3 Nxg3 12. Qxe7+ Nxe7 13. hxg3 f6 14. Nbd2 d5 15. Bd3 Nf5 16. 0-0-0 Nxg3 17. Bg6+ Kf8 18. Rhe1 Bg4 19. Nf1 Bxf3 20. gxf3 Nxf1 21. Rxf1 Kg7 22. Bh5 c5 23. Rde1 cxd4 24. Re7+ Kf8 25. Rf7+ Kg8 26. Rxf6 dxc3 27. bxc3 Rf8 28. Rg6+ Kh7 29. Re1 Bc5 30. Ree6 Rhg8 31. Rxh6+ Kg7 32. Reg6+ Kf7 33. Rh7+ 1-0

[Event "IECG CP.2000.P.00056"]
[Site "IECG email"]
[Date "2000.10.01"]
[Round "?"]
[White "Woodfin, David"]
[Black "Jaumandreu Llopis, Antonio"]
[Result "0-1"]
[WhiteElo "800"]
[BlackElo "2225"]
[PlyCount "52"]
[EventDate "2000.10.01"]
[EventType "tourn (corr)"]
[EventRounds "6"]
[EventCountry "RUS"]
[SourceTitle "Corr 2008"]
[Source "ChessBase"]
[SourceDate "2008.06.24"]
[SourceVersion "1"]
[SourceVersionDate "2008.06.24"]
[SourceQuality "1"]

1. e4 d5 2. Nc3 d4 3. Nb5 Nc6 4. Nf3 e5 5. d3 a6 6. Na3 b5 7. c3 Bxa3 8. bxa3 Bg4 9. Be2 Bxf3 10. Bxf3 dxc3 11. Be3 a5 12. Ke2 Nd4+ 13. Bxd4 exd4 14. Qb1 b4 15. axb4 Rb8 16. a3 Qd6 17. Qb3 axb4 18. axb4 Rxb4 19. Ra8+ Ke7 20. Qd5 Qxd5 21. exd5 Rb2+ 22. Ke1 Rb1+ 23. Bd1 c2 24. Kd2 c1Q+ 25. Ke2 Rb2+ 26. Ke1 Qd2+ 0-1

[Event "IECG CP.2000.P.00056"]
[Site "IECG email"]
[Date "2000.10.01"]
[Round "?"]
[White "Woodfin, David"]
[Black "Meymuhin, Anatoliy"]
[Result "0-1"]
[WhiteElo "800"]
[BlackElo "1407"]
[PlyCount "68"]
[EventDate "2000.10.01"]
[EventType "tourn (corr)"]
[EventRounds "6"]
[EventCountry "RUS"]
[SourceTitle "Corr 2008"]
[Source "ChessBase"]
[SourceDate "2008.06.24"]
[SourceVersion "1"]
[SourceVersionDate "2008.06.24"]
[SourceQuality "1"]

1. e4 c5 2. d4 cxd4 3. Qxd4 Nc6 4. Qe3 Nf6 5. Bb5 a6 6. Bxc6 bxc6 7. Nf3 d5 8. Nc3 Bg4 9. Ne5 d4 10. Nxc6 dxe3 11. Nxd8 exf2+ 12. Kxf2 Rxd8 13. h3 Bc8 14. e5 Nd5 15. Nxd5 Rxd5 16. Bf4 e6 17. Rhd1 Bc5+ 18. Be3 Bxe3+ 19. Kxe3 Rxe5+ 20. Kf2 Ke7 21. Rd2 Rd8 22. Rxd8 Kxd8 23. Re1 Rxe1 24. Kxe1 e5 25. b4 f5 26. Ke2 Be6 27. a4 f4 28. Kf3 Bd5+ 29. Kf2 e4 30. g3 e3+ 31. Ke2 Bc4+ 32. Ke1 f3 33. g4 f2+ 34. Kd1 f1Q# 0-1

[Event "IECG CP.2000.P.00056"]
[Site "IECG email"]
[Date "2000.10.01"]
[Round "?"]
[White "Woodfin, David"]
[Black "Shernoff, Leon"]
[Result "0-1"]
[WhiteElo "800"]
[BlackElo "2015"]
[PlyCount "84"]
[EventDate "2000.10.01"]
[EventType "tourn (corr)"]
[EventRounds "6"]
[EventCountry "RUS"]
[SourceTitle "Corr 2008"]
[Source "ChessBase"]
[SourceDate "2008.06.24"]
[SourceVersion "1"]
[SourceVersionDate "2008.06.24"]
[SourceQuality "1"]

1. e4 e5 2. Nf3 d6 3. Bc4 f5 4. Bxg8 Rxg8 5. d3 Nc6 6. a3 h6 7. 0-0 Be6 8. Be3 Qd7 9. exf5 Bxf5 10. c4 0-0-0 11. b4 g5 12. b5 Na5 13. Ne1 d5 14. Qc2 dxc4 15. Qa4 b6 16. dxc4 Qd1 17. Qxd1 Rxd1 18. Nf3 Rxf1+ 19. Kxf1 Nb3 20. Ra2 Bxb1 21. Rb2 Bd3+ 22. Ke1 Nc5 23. Bxc5 Bxc5 24. Nxe5 Re8 25. Kd2 Rxe5 26. Kxd3 Bxa3 27. Ra2 Bc5 28. f3 Re3+ 29. Kd2 Ra3 30. Rxa3 Bxa3 31. g4 Kd7 32. Ke3 Ke6 33. Ke4 Bc5 34. f4 gxf4 35. Kf3 Ke5 36. h4 Be7 37. h5 Bg5 38. Ke2 Kd4 39. Kd2 Kxc4 40. Ke2 Kxb5 41. Kd3 a5 42. Kd2 a4 0-1

[Event "IECG CN.2000.0.00207"]
[Site "IECG email"]
[Date "2000.08.08"]
[Round "?"]
[White "Krahl, Wolfgang"]
[Black "Woodfin, David"]
[Result "1-0"]
[WhiteElo "794"]
[BlackElo "800"]
[PlyCount "71"]
[EventDate "2000.08.08"]
[EventType "tourn (corr)"]
[EventRounds "6"]
[SourceTitle "Corr 2008"]
[Source "ChessBase"]
[SourceDate "2008.06.24"]
[SourceVersion "1"]
[SourceVersionDate "2008.06.24"]
[SourceQuality "1"]

1. f4 e6 2. Nf3 f5 3. g3 d5 4. Bg2 Nc6 5. 0-0 Bc5+ 6. e3 b6 7. Nc3 Nf6 8. d4 Ba6 9. Re1 Bb4 10. Ne5 Nxe5 11. dxe5 Bxc3 12. bxc3 Ne4 13. Bxe4 dxe4 14. Qh5+ g6 15. Qh6 c5 16. Qg7 Rf8 17. Qxh7 g5 18. Qg6+ Kd7 19. Rd1+ Bd3 20. cxd3 Kc8 21. Qxe6+ Qd7 22. Qxd7+ Kxd7 23. dxe4+ Kc7 24. exf5 Rxf5 25. e4 Rff8 26. fxg5 Rfd8 27. Rxd8 Rxd8 28. Bf4 Kb7 29. e6 Re8 30. Rd1 Rxe6 31. Rd7+ Ka8 32. h4 Rxe4 33. g6 Re8 34. g7 a5 35. h5 Re4 36. g8Q+ 1-0